| 000 | 00490nam a2200157 i 4500 | ||
|---|---|---|---|
| 001 | 26959 | ||
| 003 | ES-MaACL | ||
| 005 | 20230906153530.0 | ||
| 007 | t| | ||
| 008 | 030113s1965 ck ||||1| spa d | ||
| 245 | 0 | 3 |
_aEl Ateneo de Santiago de Cali _b: edición conmemorativa de la inauguración de su sede. |
| 260 |
_aSantiago de Cali : _bPoly Color, _c1965. |
||
| 300 |
_a9 p. ; _c22 cm. |
||
| 710 | 2 |
_aAteneo de Santiago de Cali (Colombia) _92025 |
|
| 852 |
_aES-MaACL _j2044-F-9 _bR.56591 |
||
| 999 |
_c26959 _d26959 |
||